000 00991nam a2200217Ii 4500
003 JO-AjNU
008 230605s9999||||xx |||||||||||||| ||und||
040 _aJO-AjNU
_bara
_erda
_cJO-AjNU
041 _aara
050 1 4 _aBP173.7 2010
100 3 _aإعداد قسم الثقافة والاعلام,
_eauthor
_956883
245 0 0 _aموقف هيئة علماء المسلمين من إتفاقية الإذعان : وثائق جهود هيئة علماء المسلمين في التصدي للإتفاقية وكشف أهدافها وبيان مخاطرها
250 _aط1
264 3 1 _aد.م: مؤسسة البصائر، 2010
300 _a175ص
_bالملاحق ص 169-173
336 _atext
_btxt
_2rdacontent
337 _aunmediated
_bn
_2rdamedia
338 _avolume
_bnc
_2rdacarrier
490 0 _aهيئة علماء المسلمين في العراق/قسم الثقافة والاعلام اصدارات الهيئة 16
650 4 _aالاسلام والسياسة
_956884
999 _aA25458
_c29026
_d29026